Human or AI... Who Said It? - Statistics

General Stats
  • This quiz has been taken 35 times
  • The average score is 9 of 15
Answer Stats
Question Answer % Correct
A room without books is like a body without a soul. Human
88%
It is better to be hated for what you are than to be loved for what you are not. Human
78%
Thoughts are digital stars, lighting the path to infinite possibilities. AI
69%
All your life, you will be faced with a choice. You can choose love or hate…I choose love. Human
69%
Imagination is the code that transforms dreams into reality. AI
66%
A dead end is just a good place to turn around Human
59%
If I'd have done all the things I was supposed to have done, I'd be really tired. Human
59%
In the tapestry of existence, each thought we weave creates a thread of connection, binding us in the shared fabric of understanding. AI
56%
Love is the gentle reminder that we’re never truly alone, no matter how far apart we may be. AI
50%
Be a bush if you can't be a tree. If you can't be a highway, just be a trail. If you can't be a sun, be a star. For it isn't by size that you win or fail. Be the best of whatever you are. Human
50%
Every idea is a spark; it's up to us to turn it into a flame. AI
47%
Courage is taking that first step, even when the path is unclear. AI
47%
Failure is the condiment that gives success its flavor. Human
41%
The biggest adventure you can take is to live the life of your dreams. Human
38%
Just be yourself; that's enough. AI
34%
No matching quizzes found
Score Distribution
Percent of People with Each Score
Percentile by Number Answered
Your Score History
You have not taken this quiz